[Event "Oberliga Baden 9495"]
[Site "Germany"]
[Date "1995.03.12"]
[Round "7.2"]
[White "Zelic, Branko"]
[Black "Kargoll, Boris"]
[Result "1-0"]
[WhiteElo "2330"]
[BlackElo "2280"]
[PlyCount "150"]
[EventDate "1994.10.??"]
[EventType "team"]
[EventRounds "9"]
[EventCountry "GER"]
[SourceTitle "EXT 2004"]
[Source "ChessBase"]
[SourceDate "2003.11.25"]
[SourceVersion "1"]
[SourceVersionDate "2003.11.25"]
[SourceQuality "1"]
[WhiteTeam "Freiburg"]
[BlackTeam "Karlsruhe II"]
[WhiteTeamCountry "GER"]
[BlackTeamCountry "GER"]

1. d4 d5 2. Nf3 c6 3. c3 Nf6 4. Bf4 Qb6 5. Qb3 Bf5 6. e3 Nbd7 7. c4 e6 8. c5 Qxb3 9. axb3 Nh5 10. Nc3 Nxf4 11. exf4 a6 12. Ne5 Nxe5 13. fxe5 Be7 14. Ra4 0-0 15. Be2 f6 16. f4 fxe5 17. fxe5 Bh4+ 18. g3 Bg5 19. h4 Be3 20. Nd1 Be4 21. Rf1 Bc1 22. Rxf8+ Kxf8 23. Rb4 Ra7 24. Nf2 g6 25. Bd3 Bxd3 26. Nxd3 Bh6 27. Ke2 Ke7 28. Nf2 Bg7 29. g4 Kd7 30. g5 Kc7 31. Ng4 Ra8 32. Ra4 Rf8 33. Nf6 h6 34. Ra1 h5 35. Rf1 a5 36. Ne8+ Rxe8 37. Rf7+ Kd8 38. Rxg7 Rf8 39. Rxg6 Rf4 40. Ke3 Rxh4 41. Rxe6 Re4+ 42. Kd3 Rg4 43. Rg6 h4 44. Rg8+ Kd7 45. g6 h3 46. Rh8 Rg3+ 47. Kd2 Rxg6 48. Rxh3 Rg2+ 49. Kc3 Rg7 50. b4 axb4+ 51. Kxb4 Rg4 52. Rd3 Kc7 53. Kc3 b6 54. b4 bxc5 55. bxc5 Re4 56. Rh3 Kc8 57. Rh7 Kd8 58. Rg7 Kc8 59. Re7 Kd8 60. Re6 Kd7 61. Rd6+ Kc7 62. Rh6 Kd7 63. Rh3 Kd8 64. Rd3 Kc7 65. Kb4 Re1 66. Rg3 Rb1+ 67. Kc3 Re1 68. Rg7+ Kd8 69. Kb4 Re4 70. Ka5 Rxd4 71. Kb6 Re4 72. Kxc6 d4 73. Kd6 Ke8 74. c6 d3 75. e6 Kf8 1-0

[Event "Oberliga Baden 9495"]
[Site "Germany"]
[Date "1995.02.12"]
[Round "6.1"]
[White "Zelic, Branko"]
[Black "Wirthensohn, Heinz"]
[Result "0-1"]
[WhiteElo "2330"]
[BlackElo "2420"]
[PlyCount "123"]
[EventDate "1994.10.??"]
[EventType "team"]
[EventRounds "9"]
[EventCountry "GER"]
[SourceTitle "EXT 2004"]
[Source "ChessBase"]
[SourceDate "2003.11.25"]
[SourceVersion "1"]
[SourceVersionDate "2003.11.25"]
[SourceQuality "1"]
[WhiteTeam "Freiburg"]
[BlackTeam "Waldshut"]
[WhiteTeamCountry "GER"]
[BlackTeamCountry "GER"]

1. d4 d5 2. Nf3 Nf6 3. Bf4 c5 4. dxc5 Qa5+ 5. Qd2 Qxc5 6. Qc3 e6 7. Qxc5 Bxc5 8. e3 Nc6 9. c3 0-0 10. h3 Re8 11. Bb5 Bd7 12. 0-0 a6 13. Bxc6 Bxc6 14. Nbd2 Rec8 15. Nb3 Be7 16. Rfd1 Ne4 17. Na5 Ba4 18. Rd4 Be8 19. Rdd1 Nc5 20. Nd4 Ba4 21. Rdb1 Bf6 22. Ndb3 b6 23. Nxc5 bxc5 24. Nb3 c4 25. Nd2 Ra7 26. Rc1 Rb7 27. b3 cxb3 28. axb3 Bb5 29. Ra2 g5 30. Bd6 Rxc3 31. Rxc3 Bxc3 32. Nf3 Bf6 33. Rc2 Kg7 34. Rc8 h6 35. b4 Be7 36. Bc5 Bd7 37. Ra8 Bxc5 38. bxc5 Rc7 39. Rxa6 Rxc5 40. Ra7 Be8 41. Ne5 Rc1+ 42. Kh2 Rc8 43. Kg3 h5 44. h4 Kf6 45. Nf3 g4 46. Ng5 Rd8 47. Rc7 e5 48. f4 gxf3 49. Kxf3 Kg6 50. Ra7 Bd7 51. Ra6+ f6 52. Kf2 Kf5 53. Nf3 Rc8 54. Rd6 Rc2+ 55. Ke1 Bc6 56. Nd2 Bb7 57. Rd7 Rb2 58. Rh7 Kg6 59. Rd7 Rb4 60. Nf3 d4 61. Nh2 dxe3 62. Rd3 0-1

[Event "Oberliga Baden 9495"]
[Site "Germany"]
[Date "1994.10.23"]
[Round "2.1"]
[White "Zelic, Branko"]
[Black "Roos, Jean Luc"]
[Result "1-0"]
[WhiteElo "2330"]
[BlackElo "2405"]
[PlyCount "110"]
[EventDate "1994.10.??"]
[EventType "team"]
[EventRounds "9"]
[EventCountry "GER"]
[SourceTitle "EXT 2004"]
[Source "ChessBase"]
[SourceDate "2003.11.25"]
[SourceVersion "1"]
[SourceVersionDate "2003.11.25"]
[SourceQuality "1"]
[WhiteTeam "Freiburg"]
[BlackTeam "Zaehringen II"]
[WhiteTeamCountry "GER"]
[BlackTeamCountry "GER"]

1. d4 e6 2. c4 f5 3. Nc3 Nf6 4. Nf3 d5 5. Bf4 c6 6. e3 Be7 7. Ne5 Nbd7 8. Bd3 0-0 9. 0-0 Ne4 10. Nxd7 Bxd7 11. f3 Nf6 12. Qe2 Be8 13. Rad1 Bb4 14. a3 Bxc3 15. bxc3 dxc4 16. Bxc4 Nd5 17. Qd2 Qe7 18. Ra1 Rd8 19. Be5 c5 20. e4 Nb6 21. Bd3 Bg6 22. Rfe1 fxe4 23. fxe4 Nd7 24. Bc7 Rc8 25. Bg3 e5 26. Bc4+ Kh8 27. Bd5 b6 28. dxe5 Nxe5 29. Rf1 Rf6 30. Rxf6 gxf6 31. Rf1 Kg7 32. Bh4 Rf8 33. Rf4 c4 34. h3 Nd3 35. Rg4 Qxa3 36. Bg3 b5 37. Kh2 Qc1 38. Qa2 Qe3 39. Qa3 Qc5 40. Qa6 Qb6 41. Qa2 Re8 42. Qd2 Ne5 43. Rh4 a5 44. Qh6+ Kh8 45. Bxe5 fxe5 46. Bf7 Rg8 47. Bxg8 Kxg8 48. Qg5 Qd6 49. Rg4 Kg7 50. h4 h6 51. Qf5 Kh7 52. Qf2 Qe6 53. Rg3 Qe7 54. Rf3 h5 55. Rf6 Bxe4 1-0